01010nam a2200241Ia 4500001001900000003000900019008004100028040002300069041001300092100001400105245006400119250001500183260003300198300002600231490003600257501012400293520008200417700002900499942000700528957000600535999004100541952018600582821-CYN so (16735)IT-MiSPE171229s9999||||xx |||||||||||||| ||und|| aIT-MiSPEcIT-MiSPE aITALIANO aCynewulf  0aIl sogno della Croce; CristobAntichi poemetti anglosassoni a1a ed. (v) aFirenzebSansonic1983 (st.) aXXXIV, 205 p. c16 cm aBiblioteca sansoniana straniera aEdizioni San Paolo srl - Piazza Soncino, 5 - 20092 CINISELLO BALSAMO (MI) (non commercial uses only) ® Copyright 2018 aAldo Ricci (intr. e note). Ed. bilingue. Ed. anastatica 1983 (originale 1926) aAldo Riccig(traduzione) cBK 71 a3117bNOg Copie: 1 c352757d352757 0010406821CYN_SO_1673571aCINISELLObCINISELLOd2017-12-30l0o821-CYN so (16735)r2017-12-30 00:00:00w2017-12-30yBKz(data import: 20 dicembre 2017) - By Epidotti, Vaglietti.